• 首页
  • 本馆介绍
  • 公告通知
  • 最新文献
  • 馆藏检索
  • 电子资源
  • 读者导购
  • 参考咨询
  • 我的图书馆
  • 登录
  • 期刊详细显示
  • 现刊情况显示
  • 合订本情况显示
  • 篇目信息显示

期刊信息

  • 表格格式
  • 工作单格式
  • 卡片格式
索取号 
Z6/BJZHB
题名 
BEIJING REVIEW
作者 
分册号 
分册名 
出版地 
出版者 
标准刊号 
1000-9140
出版频率 
周刊
中图法分类 
Z6
主题词 
期刊; 连续出版物; 报刊; 报纸; 快报
电子资源 
000 00611nas0 2200241 45
001 0753347780
005 20140923145014.70
011    @a1000-9140@dCNY5.88(2018)
092    @b2-922
100    @a20070416d km y0chiy0120 ea
101 0  @aeng@geng
200 1  @aBEIJING REVIEW@d=北京周报
207    @aBEIJING REVIEW is published weekly for US$64.00 per year by Cypress Book (U.S.)Co.,Inc.
326    @a周刊
510    @a北京周报
606 0  @a期刊
606 0  @a连续出版物
606 0  @a报刊
606 0  @a报纸
606 0  @a快报
690    @aZ6@v4
801  0 @aCN@bPFT@c20070416
905    @aTJWY@dZ6@eBJZHB
    
    BEIJING REVIEW=北京周报.-BEIJING REVIEW is published weekly for US$64.00 per year by Cypress Book (U.S.)Co.,Inc.
    
    ←并列题名:北京周报
    
    ISSN 1000-9140:CNY5.88(2018)
    
●
相关链接: 在易读查询期刊 在中国知网中查询期刊 在万方数据查询期刊 在维普查询期刊
唐山师范学院图书馆 欢迎您!
大连网信软件有限公司© 版权所有